Tilastot visalle Yhdysvaltojen osavaltiot kartalla

Klikkaa tästä pelataksesi tätä visaa!

Yleistilastot

  • Tätä visaa on pelattu 1 666 kertaa
  • Keskiarvotulos 25 / 50

Vastaukset kartalla

Vastauksille on annettu kartalla punavihreä väri sen mukaan, kuinka moni on saanut sen oikein.
Ladataan ...
 

Vastaustilastot

Vastaus% Oikein
Alaska
88%
Kalifornia
85%
Havaiji
85%
Texas
83%
Florida
81%
Washington
79%
New Mexico
67%
Oregon
64%
New York
60%
Pohjois-Carolina
59%
Etelä-Carolina
58%
Arizona
57%
Maine
56%
Nevada
55%
Louisiana
55%
Etelä-Dakota
53%
Michigan
52%
Pohjois-Dakota
52%
Tennessee
52%
Georgia
52%
Alabama
52%
Pennsylvania
51%
Länsi-Virginia
49%
Virginia
49%
Minnesota
48%
Mississippi
48%
Montana
47%
Vermont
46%
Rhode Island
45%
Utah
43%
New Jersey
43%
Colorado
42%
Kentucky
42%
Illinois
42%
Maryland
42%
Ohio
41%
Idaho
40%
Massachusetts
40%
Connecticut
39%
Delaware
39%
Oklahoma
38%
Wisconsin
37%
Indiana
37%
New Hampshire
36%
Kansas
35%
Wyoming
34%
Arkansas
33%
Nebraska
30%
Iowa
30%
Missouri
28%

Tulosjakauma

Persentiili vastausten määrän mukaan

Jokaisen tuloksen saaneiden osuus

Tuloshistoriasi

Et ole pelannut tätä visaa